[Event "American Continental 19th"]
[Site "Foz do Iguacu"]
[Date "2025.05.26"]
[Round "6"]
[White "Villanueva, Mario Nicolas"]
[Black "Lopez Rayo, Santiago"]
[Result "1-0"]
[WhiteElo "2454"]
[BlackElo "2282"]
[PlyCount "115"]
[EventDate "2025.05.23"]
[EventType "swiss"]
[EventRounds "11"]
[EventCountry "BRA"]
[SourceTitle "CB23_2025"]
[SourceDate "2025.06.04"]
[SourceVersion "1"]
[SourceVersionDate "2025.06.04"]
[SourceQuality "1"]

1. e4 e5 2. Nf3 Nc6 3. Bc4 Nf6 4. d3 Bc5 5. Be3 Bxe3 6. fxe3 0-0 7. 0-0 d5 8. exd5 Nxd5 9. Qd2 a6 10. Nc3 Nb6 11. Bb3 Qe7 12. Ne4 Be6 13. Bxe6 Qxe6 14. Nc5 Qd5 15. Nxb7 e4 16. dxe4 Qxe4 17. Nc5 Qe7 18. Nd3 Nc4 19. Qc3 Qxe3+ 20. Kh1 Qe4 21. Rae1 Qd5 22. Nf4 Qb5 23. b3 Nd6 24. a4 Qb7 25. Ng5 f6 26. Nge6 Rf7 27. Nh5 Ne5 28. Nxf6+ Rxf6 29. Qxe5 Qe4 30. Qxe4 Nxe4 31. Nxc7 Ra7 32. Rxf6 Nxf6 33. Ne8 Nd5 34. Nd6 h6 35. c4 Nb4 36. h4 Rd7 37. c5 Kh7 38. Re8 Nd5 39. Re5 Nb4 40. Re3 Rc7 41. Rc3 Nd5 42. Rc4 Ne3 43. Rc1 Nd5 44. h5 g6 45. Rc4 Ne3 46. Re4 Nd5 47. b4 Nc3 48. hxg6+ Kxg6 49. Re6+ Kg5 50. Re3 Nxa4 51. Ra3 Nb2 52. Rxa6 Nd3 53. Nb5 Re7 54. c6 Nxb4 55. c7 Re8 56. Rd6 Re1+ 57. Kh2 Rc1 58. Rd8 1-0

[Event "American Continental 19th"]
[Site "Foz do Iguacu"]
[Date "2025.05.24"]
[Round "2"]
[White "Giron Chavez, David Emanuel"]
[Black "Lopez Rayo, Santiago"]
[Result "0-1"]
[WhiteElo "2108"]
[BlackElo "2282"]
[PlyCount "52"]
[EventDate "2025.05.23"]
[EventType "swiss"]
[EventRounds "11"]
[EventCountry "BRA"]
[SourceTitle "CB23_2025"]
[SourceDate "2025.06.04"]
[SourceVersion "1"]
[SourceVersionDate "2025.06.04"]
[SourceQuality "1"]

1. e4 c5 2. Nf3 d6 3. Nc3 Nf6 4. Bc4 e6 5. d4 cxd4 6. Nxd4 a6 7. Bb3 Nbd7 8. Qe2 Nc5 9. 0-0 Be7 10. Bd2 0-0 11. Kh1 Qc7 12. Rae1 b5 13. f3 Bd7 14. Be3 b4 15. Nb1 Nxb3 16. axb3 e5 17. Nf5 Bb5 18. Qd1 Bxf1 19. Rxf1 g6 20. Nh6+ Kg7 21. c4 Qc6 22. Qe1 a5 23. Qg3 Kh8 24. Nd2 Ng8 25. c5 dxc5 26. Nxg8 Kxg8 0-1

[Event "American Continental 19th"]
[Site "Foz do Iguacu"]
[Date "2025.05.24"]
[Round "3"]
[White "Lopez Rayo, Santiago"]
[Black "Diamant, Andre"]
[Result "1/2-1/2"]
[WhiteElo "2282"]
[BlackElo "2487"]
[PlyCount "108"]
[EventDate "2025.05.23"]
[EventType "swiss"]
[EventRounds "11"]
[EventCountry "BRA"]
[SourceTitle "CB23_2025"]
[SourceDate "2025.06.04"]
[SourceVersion "1"]
[SourceVersionDate "2025.06.04"]
[SourceQuality "1"]

1. e4 c5 2. Nf3 Nc6 3. d4 cxd4 4. Nxd4 e6 5. Nc3 a6 6. Be3 Nf6 7. a3 d6 8. f4 Be7 9. Qf3 e5 10. Nxc6 bxc6 11. fxe5 dxe5 12. Bc4 0-0 13. h3 Rb8 14. b3 Ne8 15. 0-0 Nd6 16. Bd3 a5 17. Ne2 Be6 18. Ng3 f6 19. Nf5 Nxf5 20. exf5 Bxb3 21. Qxc6 Rc8 22. Qb5 Bf7 23. Rfd1 Qc7 24. Bb6 Qxb6+ 25. Qxb6 Bc5+ 26. Qxc5 Rxc5 27. Rdb1 Bd5 28. Rb5 Rxb5 29. Bxb5 Rc8 30. Rd1 Bf7 31. Ba6 Ra8 32. Rd6 Kf8 33. c4 Ra7 34. Bb5 Ke7 35. Rc6 g6 36. g4 gxf5 37. gxf5 Rd7 38. Ra6 Rc7 39. Rxa5 Bxc4 40. Bxc4 Rxc4 41. Ra7+ Kd6 42. Rf7 e4 43. Rxf6+ Ke5 44. Rh6 Kf4 45. f6 Kg3 46. Kf1 Kf3 47. Kg1 Kg3 48. Kf1 Kf3 49. Kg1 Rc1+ 50. Kh2 Rc2+ 51. Kg1 Rc7 52. Rh5 Rc1+ 53. Kh2 Rc2+ 54. Kg1 Rc1+ 1/2-1/2

[Event "Titled Tuesday intern op 06th May Early"]
[Site "Chess.com INT"]
[Date "2025.05.06"]
[Round "8"]
[White "Kantans, Toms"]
[Black "Lopez Rayo, Santiago"]
[Result "1-0"]
[WhiteElo "2517"]
[BlackElo "2282"]
[PlyCount "97"]
[EventDate "2025.05.06"]
[EventType "swiss (blitz)"]
[EventRounds "11"]
[EventCountry "USA"]
[SourceTitle "CB20_2025"]
[SourceDate "2025.05.14"]
[SourceVersion "1"]
[SourceVersionDate "2025.05.14"]
[SourceQuality "1"]

1. e4 c5 2. Nf3 d6 3. Bb5+ Nd7 4. a4 Ngf6 5. Nc3 a6 6. Bc4 e6 7. d4 cxd4 8. Nxd4 Nc5 9. f3 Be7 10. 0-0 0-0 11. Kh1 Qc7 12. Qe2 b6 13. Rd1 Bb7 14. b4 Ncd7 15. Bb2 Rfc8 16. Bb3 Ne5 17. b5 a5 18. Rac1 Nc4 19. Ba1 d5 20. exd5 exd5 21. Nf5 Ba3 22. Rb1 Re8 23. Qf2 Qf4 24. Bxc4 dxc4 25. Nxg7 Bc5 26. Ne2 Qg5 27. Qg3 Qxg3 28. Nxg3 Kxg7 29. Nh5+ Kg6 30. Nxf6 Re2 31. Rd7 Bc8 32. Rd8 Be7 33. Rg8+ Kf5 34. g4+ Kf4 35. Nd5+ Kxf3 36. Rf1+ Rf2 37. Rxf2+ Kxf2 38. Bd4+ Kf1 39. Rxc8 Rxc8 40. Nxe7 Rd8 41. c3 Re8 42. Nf5 Re1 43. h4 Re4 44. Kh2 Rxg4 45. Ne3+ Ke2 46. Nxg4 Kd3 47. Ne5+ Kc2 48. Nxc4 Kb3 49. Nxb6 1-0

[Event "Titled Tuesday intern op 06th May Early"]
[Site "Chess.com INT"]
[Date "2025.05.06"]
[Round "7"]
[White "Lopez Rayo, Santiago"]
[Black "Mikhaylova, Irina"]
[Result "1-0"]
[WhiteElo "2282"]
[BlackElo "2143"]
[PlyCount "89"]
[EventDate "2025.05.06"]
[EventType "swiss (blitz)"]
[EventRounds "11"]
[EventCountry "USA"]
[SourceTitle "CB20_2025"]
[SourceDate "2025.05.14"]
[SourceVersion "1"]
[SourceVersionDate "2025.05.14"]
[SourceQuality "1"]

1. e4 c5 2. Nf3 Nc6 3. d4 cxd4 4. Nxd4 e5 5. Nb5 d6 6. c4 Be7 7. N5c3 Be6 8. Nd5 a6 9. Nbc3 Rc8 10. Be3 Bg5 11. Bb6 Qd7 12. h4 Bd8 13. Be2 Nf6 14. Be3 0-0 15. h5 h6 16. Qd2 Nh7 17. Nb6 Bxb6 18. Bxb6 Ne7 19. b3 Qc6 20. Be3 b5 21. Nd5 Bxd5 22. cxd5 Qb7 23. 0-0 f5 24. f3 f4 25. Bf2 Nf6 26. a4 Nxh5 27. axb5 axb5 28. Ra7 Qb8 29. Rxe7 Ng3 30. Ra1 Rc7 31. Rxc7 Qxc7 32. Bxb5 Qf7 33. Qe1 Qg6 34. Bxg3 fxg3 35. Bd7 Rb8 36. Bg4 Qg5 37. Qxg3 Qe3+ 38. Kh2 Qxb3 39. Ra7 Rb7 40. Be6+ Kh7 41. Bf5+ Kh8 42. Ra8+ Rb8 43. Rxb8+ Qxb8 44. Qg6 Qg8 45. g4 1-0

[Event "COL-ch U16"]
[Site "Medellin"]
[Date "2025.04.27"]
[Round "6"]
[White "Cano Alcaraz, Juan Jose"]
[Black "Lopez Rayo, Santiago"]
[Result "0-1"]
[WhiteElo "2080"]
[BlackElo "2247"]
[PlyCount "50"]
[EventDate "2025.04.24"]
[EventType "swiss"]
[EventRounds "7"]
[EventCountry "COL"]
[SourceTitle "CB18_2025"]
[SourceDate "2025.04.30"]
[SourceVersion "1"]
[SourceVersionDate "2025.04.30"]
[SourceQuality "1"]

1. e4 d6 2. d4 Nf6 3. Nc3 g6 4. Be3 c6 5. Qd2 b5 6. f3 Bg7 7. 0-0-0 Nbd7 8. Bh6 Bxh6 9. Qxh6 b4 10. Nce2 e5 11. Kb1 a5 12. Nh3 Qe7 13. Nf2 Nb6 14. Nc1 exd4 15. Rxd4 Be6 16. Qd2 d5 17. exd5 Nfxd5 18. h4 a4 19. Ne4 a3 20. b3 Bf5 21. Ka1 Qe5 22. c3 bxc3 23. Nxc3 0-0 24. b4 Ne3 25. Ne4 Qxd4+ 0-1

[Event "COL-ch U16"]
[Site "Medellin"]
[Date "2025.04.27"]
[Round "7"]
[White "Garzon Camelo, Andres Santiago"]
[Black "Lopez Rayo, Santiago"]
[Result "1/2-1/2"]
[WhiteElo "2126"]
[BlackElo "2247"]
[PlyCount "98"]
[EventDate "2025.04.24"]
[EventType "swiss"]
[EventRounds "7"]
[EventCountry "COL"]
[SourceTitle "CB18_2025"]
[SourceDate "2025.04.30"]
[SourceVersion "1"]
[SourceVersionDate "2025.04.30"]
[SourceQuality "1"]

1. e4 c5 2. Nf3 d6 3. Bb5+ Nd7 4. Ba4 Ngf6 5. 0-0 e6 6. Re1 a6 7. c4 Be7 8. Nc3 0-0 9. d4 cxd4 10. Nxd4 Qc7 11. Qe2 Ne5 12. Bb3 Bd7 13. f4 Nc6 14. Nxc6 Bxc6 15. Qd3 b5 16. Bc2 g6 17. a3 Rfc8 18. Be3 bxc4 19. Qxc4 Ng4 20. Qe2 Nxe3 21. Qxe3 Rab8 22. Rab1 Qa5 23. b4 Qc7 24. Bd3 Qb7 25. Bf1 Bf6 26. Rbc1 d5 27. e5 Bd8 28. Kh1 Bb6 29. Qd2 d4 30. Ne2 Rd8 31. Ng3 d3 32. Rc4 Rbc8 33. Rec1 Bb5 34. Rxc8 Rxc8 35. a4 Bc4 36. Bxd3 Bxd3 37. Rxc8+ Qxc8 38. Qxd3 Qc1+ 39. Qf1 Qe3 40. a5 Ba7 41. Ne2 Qd2 42. Ng3 Qe3 43. Ne2 Qd2 44. Ng3 Qe3 45. Ne2 Qd2 46. Ng3 Qxb4 47. Qxa6 Be3 48. Qa8+ Kg7 49. Qf3 Ba7 1/2-1/2

[Event "COL-ch U16"]
[Site "Medellin"]
[Date "2025.04.25"]
[Round "2"]
[White "Delgado Caballero, Nigel Alejandro"]
[Black "Lopez Rayo, Santiago"]
[Result "0-1"]
[WhiteElo "1901"]
[BlackElo "2247"]
[PlyCount "126"]
[EventDate "2025.04.24"]
[EventType "swiss"]
[EventRounds "7"]
[EventCountry "COL"]
[SourceTitle "CB18_2025"]
[SourceDate "2025.04.30"]
[SourceVersion "1"]
[SourceVersionDate "2025.04.30"]
[SourceQuality "1"]

1. Nf3 d5 2. d4 Nf6 3. Bf4 e6 4. e3 c5 5. Nbd2 Nc6 6. c3 Nh5 7. Bg5 f6 8. Bh4 g6 9. Bd3 Be7 10. Qc2 cxd4 11. exd4 Nf4 12. Bg3 Nxd3+ 13. Qxd3 g5 14. 0-0-0 Bd7 15. h4 g4 16. Ng1 b5 17. Ne2 Qb6 18. Rhe1 Kf7 19. f3 Rag8 20. fxg4 Rxg4 21. Nf3 b4 22. c4 dxc4 23. Qxc4 b3 24. a3 Nb4 25. Qxb3 Qc6+ 26. Nc3 Nd5 27. Rd3 Rxg3 28. Ng5+ Rxg5 29. hxg5 fxg5 30. Rf3+ Kg7 31. Kb1 Bd6 32. Ne4 Rb8 33. Qc2 Qxc2+ 34. Kxc2 Be7 35. Nc5 Rc8 36. b4 g4 37. Rf2 Bh4 38. Rfe2 Bxe1 39. Rxe1 Nb6 40. Kb3 Bc6 41. Nxe6+ Kg8 42. Nc5 Bxg2 43. Re5 Kf7 44. a4 Bd5+ 45. Kc2 g3 46. Re1 Nxa4 47. Kd3 Nxc5+ 48. dxc5 g2 49. Kd4 Bc6 50. Rg1 a6 51. Ke5 Rd8 52. Kf4 Rd4+ 53. Kg3 Rxb4 54. Kh3 a5 55. Kg3 a4 56. Ra1 a3 57. Kh3 a2 58. Rxa2 g1Q 59. Rf2+ Bf3 60. Rxf3+ Ke6 61. c6 Qg4+ 62. Kh2 Rb2+ 63. Kh1 Qg2# 0-1

[Event "Medellin Sub zt 2.3.2"]
[Site "Medellin"]
[Date "2025.04.14"]
[Round "2"]
[White "Salamanca, Juan Manuel"]
[Black "Lopez Rayo, Santiago"]
[Result "0-1"]
[WhiteElo "1828"]
[BlackElo "2247"]
[PlyCount "90"]
[EventDate "2025.04.14"]
[EventType "swiss"]
[EventRounds "9"]
[EventCountry "COL"]
[SourceTitle "CB18_2025"]
[SourceDate "2025.04.30"]
[SourceVersion "1"]
[SourceVersionDate "2025.04.30"]
[SourceQuality "1"]

1. c4 e6 2. g3 d5 3. Bg2 Nf6 4. Nf3 d4 5. 0-0 c5 6. d3 Nc6 7. e3 Bd6 8. exd4 cxd4 9. Na3 0-0 10. Nc2 e5 11. b4 Re8 12. b5 Nb8 13. a4 a5 14. Re1 Nbd7 15. Ba3 Qc7 16. h3 Bxa3 17. Rxa3 Nc5 18. g4 Kf8 19. Qd2 Nfd7 20. Qg5 Ne6 21. Qh5 Kg8 22. Ng5 Nf6 23. Nxe6 Rxe6 24. Qh4 Nd7 25. Bd5 Rf6 26. Re2 Nf8 27. Ne1 Ng6 28. Qg3 Nf4 29. Re4 h5 30. Ng2 h4 31. Nxh4 Nxd5 32. Qxe5 Qxe5 33. Rxe5 Nf4 34. Re8+ Kh7 35. Nf5 b6 36. Kh2 Bxf5 37. Rxa8 Bxd3 38. c5 bxc5 39. g5 Re6 40. Rxa5 c4 41. Ra7 c3 42. Rxf7 Nd5 43. Rd7 c2 44. Ra1 Bc4 45. Rc7 Nxc7 0-1

[Event "Titled Tuesday intern op 01st Apr Early"]
[Site "Chess.com INT"]
[Date "2025.04.01"]
[Round "8"]
[White "Lopez Rayo, Santiago"]
[Black "Klepikov, Nikita"]
[Result "1/2-1/2"]
[WhiteElo "2247"]
[BlackElo "2059"]
[PlyCount "123"]
[EventDate "2025.04.01"]
[EventType "swiss (blitz)"]
[EventRounds "11"]
[EventCountry "USA"]
[SourceTitle "CB15_2025"]
[SourceDate "2025.04.09"]
[SourceVersion "1"]
[SourceVersionDate "2025.04.09"]
[SourceQuality "1"]

1. e4 d5 2. exd5 Nf6 3. d4 Bg4 4. f3 Bf5 5. Bd3 Bxd3 6. Qxd3 Qxd5 7. c4 Qd7 8. Nc3 e6 9. f4 c5 10. d5 exd5 11. cxd5 Bd6 12. Nf3 0-0 13. 0-0 Re8 14. Bd2 Na6 15. a3 Nc7 16. Rae1 Bf8 17. Ne5 Qd6 18. Nc4 Qd7 19. d6 Rxe1 20. Rxe1 Ne6 21. Be3 b5 22. Ne5 Qxd6 23. Qxb5 Rb8 24. Qe2 Nd4 25. Qc4 Qe6 26. Bxd4 Qxc4 27. Nxc4 cxd4 28. Na4 Rd8 29. b4 Nd5 30. g3 Nc3 31. Nab2 d3 32. Nd2 a5 33. bxa5 Bxa3 34. Nbc4 Bc5+ 35. Kg2 Bb4 36. Ra1 Nb5 37. a6 Na7 38. Rb1 Bxd2 39. Nxd2 g6 40. Rb7 Ra8 41. Rd7 Nc6 42. Rxd3 Rxa6 43. Rd6 Ra2 44. Kh3 Ne7 45. Ne4 Kg7 46. g4 h5 47. gxh5 gxh5 48. Ng3 Ra3 49. Kh4 Ng6+ 50. Kg5 Ra5+ 51. f5 Ne7 52. Kxh5 Nxf5 53. Nxf5+ Rxf5+ 54. Kg4 Ra5 55. h4 Ra4+ 56. Kg5 Ra5+ 57. Kg4 f6 58. h5 Ra4+ 59. Kf5 Ra5+ 60. Kg4 Ra4+ 61. Kf5 Ra5+ 62. Kg4 1/2-1/2

[Event "Titled Tuesday intern op 01st Apr Early"]
[Site "Chess.com INT"]
[Date "2025.04.01"]
[Round "5"]
[White "Lopez Rayo, Santiago"]
[Black "Ruperez Benito, Antonio"]
[Result "1/2-1/2"]
[WhiteElo "2247"]
[BlackElo "2323"]
[PlyCount "73"]
[EventDate "2025.04.01"]
[EventType "swiss (blitz)"]
[EventRounds "11"]
[EventCountry "USA"]
[SourceTitle "CB15_2025"]
[SourceDate "2025.04.09"]
[SourceVersion "1"]
[SourceVersionDate "2025.04.09"]
[SourceQuality "1"]

1. e4 e6 2. d4 d5 3. Nc3 Bb4 4. e5 c5 5. a3 Bxc3+ 6. bxc3 Qa5 7. Bd2 Qa4 8. Qg4 Kf8 9. h4 Nc6 10. Nf3 Nge7 11. h5 h6 12. Qf4 Qxc2 13. Rh4 b6 14. Be2 Qb2 15. Rc1 Qxa3 16. g4 Ba6 17. Bxa6 Qxa6 18. g5 Qd3 19. gxh6 Rxh6 20. Qg4 Qe4+ 21. Qxe4 dxe4 22. Bxh6 exf3 23. Be3 cxd4 24. cxd4 Nb4 25. Kd2 Nf5 26. Rh3 a5 27. h6 Nxh6 28. Bxh6 gxh6 29. Rxh6 Ra7 30. Rc8+ Kg7 31. Rhh8 Kg6 32. Rcg8+ Kf5 33. Ke3 Nc2+ 34. Kd3 Nb4+ 35. Ke3 Nc2+ 36. Kd3 Nb4+ 37. Ke3 1/2-1/2

[Event "Titled Tuesday intern op 25th Mar Early"]
[Site "Chess.com INT"]
[Date "2025.03.25"]
[Round "8"]
[White "Zhao, Zhouqiao"]
[Black "Lopez Rayo, Santiago"]
[Result "1-0"]
[WhiteElo "2171"]
[BlackElo "2247"]
[PlyCount "95"]
[EventDate "2025.03.25"]
[EventType "swiss (blitz)"]
[EventRounds "11"]
[EventCountry "USA"]
[SourceTitle "CB14_2025"]
[SourceDate "2024.11.01"]
[SourceVersion "1"]
[SourceVersionDate "2024.11.01"]
[SourceQuality "1"]

1. e4 c5 2. Nf3 d6 3. Bb5+ Nd7 4. 0-0 a6 5. Bxd7+ Bxd7 6. d4 cxd4 7. Qxd4 e5 8. Qd3 Rc8 9. Nc3 h6 10. Rd1 Nf6 11. Nd2 Be7 12. Nf1 0-0 13. Ne3 Be6 14. Bd2 Nd7 15. Ned5 Bg5 16. Qe2 b5 17. Bxg5 Qxg5 18. Ne3 Rc6 19. Ncd5 Rfc8 20. c3 Kf8 21. Rd2 Nc5 22. f3 Na4 23. Rad1 g6 24. Nb4 Rb6 25. Ned5 Bxd5 26. Nxd5 Rbc6 27. Nb4 Rb6 28. Qf2 a5 29. Nd5 Rb7 30. h4 Qd8 31. Ne3 Rc6 32. h5 Kg7 33. hxg6 fxg6 34. Qg3 Kh7 35. Ng4 Qg5 36. Rxd6 Rxd6 37. Rxd6 Nxb2 38. Re6 Nc4 39. Nf6+ Kg7 40. Qxg5 hxg5 41. Nd5 b4 42. cxb4 axb4 43. Kh2 b3 44. axb3 Rxb3 45. Rc6 Ne3 46. Rc7+ Kf8 47. Nxe3 Rxe3 48. Kg3 1-0

[Event "Titled Tuesday intern op 11th Mar Early"]
[Site "Chess.com INT"]
[Date "2025.03.11"]
[Round "7"]
[White "Ben Artzi, Ido"]
[Black "Lopez Rayo, Santiago"]
[Result "1-0"]
[WhiteElo "2332"]
[BlackElo "2247"]
[PlyCount "141"]
[EventDate "2025.03.11"]
[EventType "swiss (blitz)"]
[EventRounds "11"]
[EventCountry "USA"]
[SourceTitle "CB12_2025"]
[SourceDate "2025.03.19"]
[SourceVersion "1"]
[SourceVersionDate "2025.03.19"]
[SourceQuality "1"]

1. d4 Nf6 2. c4 e6 3. Nc3 Bb4 4. e3 0-0 5. Bd3 d5 6. Nf3 dxc4 7. Bxc4 c5 8. 0-0 cxd4 9. exd4 Nc6 10. Bg5 h6 11. Bh4 Be7 12. Qd3 b6 13. a3 Bb7 14. Rad1 Re8 15. Rfe1 Rc8 16. Ba2 Nd5 17. Nxd5 Bxh4 18. Bb1 Qxd5 19. Qh7+ Kf8 20. Nxh4 Ne7 21. Be4 Qd7 22. Bxb7 Qxb7 23. Re3 Ng8 24. Ng6+ fxg6 25. Rf3+ Qxf3 26. gxf3 Nf6 27. Qxg6 Red8 28. f4 Rd6 29. f5 exf5 30. Qxf5 Rcd8 31. Qe5 Rd5 32. Qe3 Re8 33. Qf3 Kg8 34. Qb3 Kh8 35. Qc3 Red8 36. f3 R8d7 37. Qc8+ Rd8 38. Qc7 R8d7 39. Qb8+ Kh7 40. Qf4 Nh5 41. Qe4+ Kh8 42. Rc1 Rd8 43. Rc8 Nf6 44. Qxd5 Rxc8 45. Qb7 Rc1+ 46. Kf2 Rc2+ 47. Kg3 Rxb2 48. Qxa7 Nh5+ 49. Kg4 Nf6+ 50. Kf5 Rb5+ 51. Ke6 Kh7 52. a4 Ra5 53. Qxb6 Rxa4 54. d5 Ra1 55. d6 Re1+ 56. Kf7 Rd1 57. Qc6 Rd2 58. Qc3 Rxd6 59. Qc2+ Kh8 60. Qc8+ Kh7 61. Qf5+ Kh8 62. f4 Rd7+ 63. Kf8 Rd8+ 64. Kf7 Rd7+ 65. Kg6 Re7 66. Qc8+ Re8 67. Qc6 Rg8 68. f5 Rf8 69. h3 Rg8 70. Qb7 Rf8 71. Qxg7# 1-0

[Event "Titled Tuesday intern op 11th Mar Early"]
[Site "Chess.com INT"]
[Date "2025.03.11"]
[Round "8"]
[White "Lopez Rayo, Santiago"]
[Black "Manukian, Artak"]
[Result "1-0"]
[WhiteElo "2247"]
[BlackElo "2104"]
[PlyCount "51"]
[EventDate "2025.03.11"]
[EventType "swiss (blitz)"]
[EventRounds "11"]
[EventCountry "USA"]
[SourceTitle "CB12_2025"]
[SourceDate "2025.03.19"]
[SourceVersion "1"]
[SourceVersionDate "2025.03.19"]
[SourceQuality "1"]

1. e4 c6 2. d4 d5 3. Nc3 dxe4 4. Nxe4 Nf6 5. Nxf6+ exf6 6. c3 Bd6 7. Bd3 0-0 8. Qc2 h5 9. Ne2 Qc7 10. h3 c5 11. 0-0 Nc6 12. Be3 cxd4 13. Nxd4 Nxd4 14. Bxd4 Be5 15. Be3 Be6 16. Qe2 g6 17. f4 Bd6 18. f5 gxf5 19. Qxh5 Bc5 20. Bxc5 Qxc5+ 21. Kh1 Rfd8 22. Bxf5 Rd5 23. Qg4+ Kh8 24. Qh4+ Kg8 25. Qh7+ Kf8 26. Bxe6 1-0

[Event "Titled Tuesday intern op 11th Mar Early"]
[Site "Chess.com INT"]
[Date "2025.03.11"]
[Round "11"]
[White "Lopez Rayo, Santiago"]
[Black "Ruchinskaya, Valerie"]
[Result "0-1"]
[WhiteElo "2247"]
[BlackElo "1880"]
[PlyCount "54"]
[EventDate "2025.03.11"]
[EventType "swiss (blitz)"]
[EventRounds "11"]
[EventCountry "USA"]
[SourceTitle "CB12_2025"]
[SourceDate "2025.03.19"]
[SourceVersion "1"]
[SourceVersionDate "2025.03.19"]
[SourceQuality "1"]

1. e4 e6 2. d4 d5 3. Nc3 Bb4 4. e5 c5 5. a3 Bxc3+ 6. bxc3 Qa5 7. Bd2 Qa4 8. Qg4 Kf8 9. h4 b6 10. h5 h6 11. Nf3 Ba6 12. Bxa6 Nxa6 13. Kd1 Ne7 14. Qf4 Rc8 15. Rh3 Nb8 16. g4 Nbc6 17. Nh4 cxd4 18. Rf3 Nd8 19. Ng6+ Nxg6 20. hxg6 Qc4 21. gxf7 dxc3 22. Qxc4 Rxc4 23. Bxc3 Nxf7 24. Kd2 Ke8 25. Rg1 Ng5 26. Re3 Rf8 27. Ke1 Nf3+ 0-1